[Event "Chigorin Memorial"]
[Site "St Petersburg"]
[Date "2016.10.23"]
[Round "9.26"]
[White "Matsenko, Andrei"]
[Black "Ladva, Ottomar"]
[Result "1/2-1/2"]
[WhiteElo "2317"]
[BlackElo "2513"]
[PlyCount "161"]
[EventDate "2016.10.15"]
[EventType "swiss"]
[EventRounds "9"]
[EventCountry "RUS"]

1. c4 Nf6 2. Nf3 e6 3. g3 d5 4. Bg2 Be7 5. O-O O-O 6. d4 c6 7. Qd3 b6 8. b3 Ba6
9. Nbd2 Nbd7 10. Rd1 c5 11. e3 Rc8 12. Bb2 cxd4 13. exd4 Bb4 14. Rac1 Qe7 15.
a3 Bxd2 16. Nxd2 Rfd8 17. Qe3 Nb8 18. Bf1 Nc6 19. Nf3 Rc7 20. Ne5 Rdc8 21. c5
Bxf1 22. cxb6 axb6 23. Rxf1 Na5 24. Qd3 h6 25. Rxc7 Rxc7 26. Rc1 Ne4 27. b4 Nb7
28. Qb5 Rxc1+ 29. Bxc1 Qc7 30. Qe8+ Kh7 31. Qc6 Qxc6 32. Nxc6 Nc3 33. Kf1 Nd6
34. Bd2 Nce4 35. Bc1 Nc3 36. Bd2 Na4 37. Ke2 Kg8 38. Kd3 b5 39. Bf4 Nc8 40. Kc2
Kf8 41. h4 h5 42. f3 f6 43. Kb3 Kf7 44. Nd8+ Ke7 45. Nc6+ Ke8 46. Kc2 Nab6 47.
Kb3 Kd7 48. Nb8+ Ke7 49. Nc6+ Ke8 50. g4 g6 51. g5 fxg5 52. Bxg5 Nd6 53. Ne5
Nf5 54. Kc3 Na4+ 55. Kd3 Nb2+ 56. Kc3 Nc4 57. Nxg6 Kd7 58. Ne5+ Nxe5 59. dxe5
Ng7 60. Kd3 Kc6 61. Kd4 Nf5+ 62. Kd3 Kd7 63. Bf6 Kc7 64. Bg5 Kc6 65. Bf6 d4 66.
Ke4 Ne3 67. Kxd4 Nc2+ 68. Ke4 Nxa3 69. Kf4 Nc2 70. Be7 Ne1 71. Bd6 Kd7 72. Kg5
Nxf3+ 73. Kxh5 Ke8 74. Kg4 Nd4 75. Bc5 Nc6 76. Kg5 Kf7 77. Bd6 Nd4 78. h5 Nf3+
79. Kf4 Nd4 80. Kg4 Kg7 81. Kg5 1/2-1/2

[Event "Chigorin Memorial"]
[Site "St Petersburg"]
[Date "2016.10.23"]
[Round "9.27"]
[White "Azimov, Ilyas"]
[Black "Matinian, Nikita"]
[Result "0-1"]
[WhiteElo "2151"]
[BlackElo "2495"]
[PlyCount "90"]
[EventDate "2016.10.15"]
[EventType "swiss"]
[EventRounds "9"]
[EventCountry "RUS"]

1. e4 d6 2. d4 g6 3. Nc3 a6 4. a4 Bg7 5. Be3 Nc6 6. d5 Nb8 7. Bd3 Nf6 8. f3 O-O
9. Nge2 c6 10. Qd2 Nbd7 11. O-O Ne5 12. h3 cxd5 13. exd5 Nxd3 14. Qxd3 Bf5 15.
Ne4 Qa5 16. c4 Rfc8 17. Nd4 Bxe4 18. fxe4 Nd7 19. b3 Nc5 20. Qc2 Qd8 21. b4 Nd7
22. Rac1 Ne5 23. Qb3 a5 24. c5 axb4 25. c6 bxc6 26. Nxc6 Qd7 27. Nxe5 Bxe5 28.
Rxc8+ Qxc8 29. Qxb4 Qa6 30. Bd4 Bxd4+ 31. Qxd4 Qxa4 32. Qd3 Qa3 33. Qb1 Kg7 34.
Kh2 Qc3 35. Kh1 Ra4 36. Re1 Rb4 37. Qd1 Qe5 38. Qe2 h5 39. Kg1 Rb2 40. Qf1 Qd4+
41. Kh1 Rf2 42. Qa6 Qb2 43. Rg1 Qe5 44. Qd3 Rf4 45. Re1 f5 0-1

[Event "Chigorin Memorial"]
[Site "St Petersburg"]
[Date "2016.10.23"]
[Round "9.28"]
[White "Soffer, Ram"]
[Black "Bublei, Pavel"]
[Result "1-0"]
[WhiteElo "2475"]
[BlackElo "2406"]
[PlyCount "101"]
[EventDate "2016.10.15"]
[EventType "swiss"]
[EventRounds "9"]
[EventCountry "RUS"]

1. c4 Nf6 2. Nc3 e6 3. d4 Bb4 4. Qc2 O-O 5. Nf3 c5 6. dxc5 Bxc5 7. Bg5 Nc6 8.
e3 h6 9. Bh4 Qa5 10. Be2 Bb4 11. O-O Bxc3 12. bxc3 b6 13. Rfd1 Rd8 14. Nd4 Ba6
15. Nb5 Bxb5 16. cxb5 Ne7 17. c4 Qb4 18. a3 Qc5 19. Qb2 d5 20. Bxf6 gxf6 21.
cxd5 Rxd5 22. Rdc1 Qd6 23. Bf3 Rd2 24. Qxf6 Rd8 25. Qxh6 Ng6 26. h4 Qe5 27. Qg5
Qxg5 28. hxg5 Ne5 29. a4 R8d7 30. Bh5 Nd3 31. Rd1 Nc5 32. f4 Kg7 33. Rxd2 Rxd2
34. a5 Rd7 35. axb6 axb6 36. Ra8 Rc7 37. Bf3 e5 38. f5 e4 39. f6+ Kg6 40. Rg8+
Kf5 41. Bh5 Ne6 42. g4+ Ke5 43. Re8 Kd6 44. g6 fxg6 45. Bxg6 Ng5 46. Kf2 Kd5
47. Kg3 Rc1 48. f7 Rg1+ 49. Kf2 Nh3+ 50. Ke2 Rg2+ 51. Ke1 1-0

[Event "Chigorin Memorial"]
[Site "St Petersburg"]
[Date "2016.10.23"]
[Round "9.29"]
[White "Bao, Qilin"]
[Black "Swayams, Mishra"]
[Result "0-1"]
[WhiteElo "2301"]
[BlackElo "2472"]
[PlyCount "126"]
[EventDate "2016.10.15"]
[EventType "swiss"]
[EventRounds "9"]
[EventCountry "RUS"]

1. g3 e5 2. c4 Nc6 3. Bg2 Bc5 4. Nc3 d6 5. d3 Nge7 6. Nf3 O-O 7. O-O Bf5 8. Bd2
Qd7 9. a3 a5 10. Na4 Bh3 11. Nxc5 dxc5 12. Bc3 Ng6 13. Qd2 Rfe8 14. Rad1 a4 15.
Rfe1 Bxg2 16. Kxg2 f6 17. e3 Qe6 18. Qe2 b6 19. Nd2 Rad8 20. Ne4 Nce7 21. d4
cxd4 22. exd4 exd4 23. Rxd4 Rxd4 24. Bxd4 Qc6 25. Kg1 Rd8 26. Bc3 Nf5 27. Nd2
Nd4 28. Qe4 Qxe4 29. Rxe4 Nf5 30. c5 b5 31. Re6 Rd7 32. Nf3 h5 33. Kg2 Nge7 34.
Ba5 c6 35. Re1 Kf7 36. h3 Rd5 37. g4 hxg4 38. hxg4 Nd4 39. Rd1 Nxf3 40. Rxd5
Nh4+ 41. Kh3 Nxd5 42. Kxh4 Nf4 43. Bc3 Ke6 44. g5 fxg5+ 45. Kxg5 Nh3+ 46. Kg4
Nxf2+ 47. Kf3 Nd3 48. Ke3 Nxc5 49. Bxg7 Kd5 50. Kd2 Kc4 51. Kc2 Ne6 52. Bf6
Nd4+ 53. Kb1 Nf5 54. Kc2 Ne3+ 55. Kd2 Nd5 56. Bg7 Kb3 57. Bd4 Nf4 58. Ke3 Ne6
59. Bc3 Kc2 60. Ke4 Nc5+ 61. Ke5 Nd3+ 62. Kd6 Nxb2 63. Bg7 b4 0-1

[Event "Chigorin Memorial"]
[Site "St Petersburg"]
[Date "2016.10.23"]
[Round "9.30"]
[White "Malakhov, Igor"]
[Black "Tologontegin, Semetey"]
[Result "0-1"]
[WhiteElo "2456"]
[BlackElo "2371"]
[PlyCount "84"]
[EventDate "2016.10.15"]
[EventType "swiss"]
[EventRounds "9"]
[EventCountry "RUS"]

1. e4 e6 2. d4 b6 3. Nf3 Bb7 4. Bd3 Nf6 5. Qe2 d5 6. e5 Nfd7 7. Ng5 g6 8. h4
Qe7 9. h5 Bg7 10. c3 Nc6 11. Na3 O-O-O 12. Bd2 Rde8 13. O-O-O f6 14. Nxh7 Rxh7
15. Bxg6 Bf8 16. exf6 Nxf6 17. Bg5 Bh6 18. Bxh6 Rxh6 19. Bxe8 Qxe8 20. g4 Rh8
21. Rdg1 Kb8 22. Nc2 Bc8 23. f4 Ne7 24. Ne1 Bd7 25. Nf3 Qf8 26. Qe3 Kb7 27. Kb1
Nxg4 28. Rxg4 Qf5+ 29. Kc1 Qxg4 30. Ne5 Qg2 31. Rg1 Qh2 32. Nxd7 Nf5 33. Qe1
Qxf4+ 34. Kb1 Ne3 35. a3 Rxh5 36. Qe2 Nc4 37. Rg2 Rh1+ 38. Ka2 Qf5 39. Rg8 a5
40. Rb8+ Ka7 41. Rc8 a4 42. Rxc7+ Ka6 0-1

[Event "Chigorin Memorial"]
[Site "St Petersburg"]
[Date "2016.10.23"]
[Round "9.31"]
[White "Shevchenko, Kirill"]
[Black "Tran, Minh Thang"]
[Result "1/2-1/2"]
[WhiteElo "2447"]
[BlackElo "2293"]
[PlyCount "79"]
[EventDate "2016.10.15"]
[EventType "swiss"]
[EventRounds "9"]
[EventCountry "RUS"]

1. e4 e6 2. d4 d5 3. Nd2 c5 4. Ngf3 cxd4 5. Nxd4 Nc6 6. Bb5 Bd7 7. Nxc6 Bxc6 8.
Bxc6+ bxc6 9. c4 Nf6 10. Qa4 Qc7 11. exd5 exd5 12. O-O Be7 13. cxd5 Nxd5 14.
Nf3 O-O 15. Bd2 Bf6 16. Rac1 Bxb2 17. Rxc6 Qd7 18. Qa6 Nb6 19. Rc2 Bf6 20. Be3
Rfc8 21. Rxc8+ Qxc8 22. Qxc8+ Rxc8 23. Rb1 h6 24. h3 Nd5 25. Bxa7 Nc3 26. Rb8
Rxb8 27. Bxb8 Nxa2 28. g4 Nc3 29. Kg2 Ne4 30. Be5 Bxe5 31. Nxe5 g5 32. Nd3 Nd6
33. f4 gxf4 34. Nxf4 f5 35. Kf3 Kf7 36. gxf5 Nxf5 37. Kg4 Ng7 38. h4 Kf6 39. h5
Nxh5 40. Kxh5 1/2-1/2

[Event "Chigorin Memorial"]
[Site "St Petersburg"]
[Date "2016.10.23"]
[Round "9.32"]
[White "Smirin, Ilia"]
[Black "Timerkhanov, Alexander"]
[Result "1-0"]
[WhiteElo "2685"]
[BlackElo "2340"]
[PlyCount "89"]
[EventDate "2016.10.15"]
[EventType "swiss"]
[EventRounds "9"]
[EventCountry "RUS"]

1. e4 c5 2. Nc3 d6 3. Nge2 Nf6 4. d4 cxd4 5. Nxd4 a6 6. Be2 e5 7. Nb3 Be6 8. f4
Qc7 9. g4 exf4 10. Bxf4 Nc6 11. Nc5 O-O-O 12. Nxe6 fxe6 13. Qd3 Ne5 14. Qh3
Nfd7 15. g5 Re8 16. O-O-O Kb8 17. Kb1 Qc5 18. Rhf1 g6 19. Rd2 Nb6 20. Rfd1 Nc8
21. Bg4 Nc4 22. Bxe6 Nxd2+ 23. Bxd2 Nb6 24. Be3 Qc7 25. Rf1 Nc4 26. Bc1 Bg7 27.
Nd5 Qa5 28. Nf6 Na3+ 29. Qxa3 Qxa3 30. Nxe8 Rxe8 31. bxa3 Rxe6 32. Rf7 Bc3 33.
Bb2 Bd2 34. Bf6 h6 35. h4 h5 36. Rg7 Rxe4 37. Rxg6 Rxh4 38. Rg8+ Ka7 39. c3 Rg4
40. g6 h4 41. g7 Bh6 42. Bd4+ b6 43. Rh8 Bxg7 44. Rh7 h3 45. Bxg7 1-0

[Event "Chigorin Memorial"]
[Site "St Petersburg"]
[Date "2016.10.23"]
[Round "9.33"]
[White "Gajewski, Grzegorz"]
[Black "Dilmukhametov, Artur"]
[Result "1-0"]
[WhiteElo "2621"]
[BlackElo "2347"]
[PlyCount "50"]
[EventDate "2016.10.15"]
[EventType "swiss"]
[EventRounds "9"]
[EventCountry "RUS"]

1. Nf3 d5 2. g3 Nf6 3. Bg2 c6 4. O-O Bg4 5. d3 Nbd7 6. h3 Bh5 7. c4 e5 8. g4
Bg6 9. g5 Nh5 10. cxd5 cxd5 11. Qb3 Nc5 12. Qb5+ Qd7 13. Nc3 Qxb5 14. Nxb5 e4
15. dxe4 dxe4 16. Ne5 Ne6 17. Nxg6 hxg6 18. Bxe4 O-O-O 19. Be3 a6 20. Rfc1+ Kb8
21. Ba7+ Ka8 22. Bb6 Re8 23. Rc7 Rb8 24. Rxf7 axb5 25. a4 b4 1-0

[Event "Chigorin Memorial"]
[Site "St Petersburg"]
[Date "2016.10.23"]
[Round "9.34"]
[White "Khismatullin, Denis"]
[Black "Yeletsky, Ivan"]
[Result "0-1"]
[WhiteElo "2617"]
[BlackElo "2340"]
[PlyCount "72"]
[EventDate "2016.10.15"]
[EventType "swiss"]
[EventRounds "9"]
[EventCountry "RUS"]

1. c4 e5 2. g3 Nf6 3. Bg2 d5 4. cxd5 Nxd5 5. Nc3 Nb6 6. d3 Be7 7. Be3 O-O 8.
Rc1 Re8 9. h3 Nc6 10. Bxc6 bxc6 11. Nf3 Bf8 12. g4 Nd5 13. Ne4 Rb8 14. b3 Kh8
15. Bc5 f6 16. Qd2 Nf4 17. Bxf8 Rxf8 18. Nc5 Be6 19. Rg1 Bf7 20. Rg3 Qe7 21.
Nh4 Rfd8 22. Nf5 Qf8 23. e3 Nd5 24. g5 fxg5 25. Rxg5 Rb5 26. Rxg7 Rxc5 27. Rxc5
Bg6 28. Qa5 Qxf5 29. e4 Qf3 30. exd5 Rf8 31. dxc6 Qxf2+ 32. Kd1 Qf1+ 33. Kc2
Kxg7 34. Qxc7+ Kh6 35. Qxe5 Qf2+ 36. Kc3 Rf5 0-1

[Event "Chigorin Memorial"]
[Site "St Petersburg"]
[Date "2016.10.23"]
[Round "9.35"]
[White "Borisovsky, Dmitry"]
[Black "Brodsky, Michail"]
[Result "0-1"]
[WhiteElo "2335"]
[BlackElo "2524"]
[PlyCount "78"]
[EventDate "2016.10.15"]
[EventType "swiss"]
[EventRounds "9"]
[EventCountry "RUS"]

1. e4 c5 2. Nf3 d6 3. d4 Nf6 4. Nc3 cxd4 5. Nxd4 g6 6. Be3 Bg7 7. f3 Nc6 8. Qd2
O-O 9. O-O-O d5 10. exd5 Nxd5 11. Nxc6 bxc6 12. Bd4 Bxd4 13. Qxd4 Qb6 14. Na4
Qc7 15. b3 Bf5 16. g4 Be6 17. Bc4 Rad8 18. Nc5 Bc8 19. Kb2 Nb6 20. Qc3 Rxd1 21.
Rxd1 Qxh2 22. Ne4 Qf4 23. Rd4 Qe5 24. Nf2 c5 25. Re4 Qd6 26. Nd3 Bb7 27. Re3
Bd5 28. Bb5 c4 29. Nb4 Rc8 30. Qd2 a5 31. Na6 Qf6+ 32. c3 cxb3 33. axb3 a4 34.
bxa4 Nxa4+ 35. Bxa4 Qxa6 36. Qxd5 Qb6+ 37. Bb3 Qxe3 38. Qxf7+ Kh8 39. c4 Qd2+
0-1

[Event "Chigorin Memorial"]
[Site "St Petersburg"]
[Date "2016.10.23"]
[Round "9.36"]
[White "Sviridov, Valery"]
[Black "Palchun, Grigory"]
[Result "1-0"]
[WhiteElo "2518"]
[BlackElo "2336"]
[PlyCount "103"]
[EventDate "2016.10.15"]
[EventType "swiss"]
[EventRounds "9"]
[EventCountry "RUS"]

1. Nf3 Nf6 2. g3 d5 3. Bg2 c6 4. O-O Bf5 5. d3 h6 6. c4 e6 7. Be3 Nbd7 8. Qb3
Qc7 9. cxd5 exd5 10. Rc1 Be7 11. Nc3 Be6 12. Nd4 Qc8 13. Nxe6 fxe6 14. Bh3 Nf8
15. f4 Qd7 16. Bf2 g5 17. f5 exf5 18. e4 g4 19. Bg2 fxe4 20. dxe4 d4 21. e5
N6h7 22. Ne2 Ne6 23. Be4 Nhg5 24. Bg6+ Kd8 25. Bf5 Nc5 26. Bxd7 Nxb3 27. axb3
Kxd7 28. Bxd4 Nf3+ 29. Kg2 Nxd4 30. Nxd4 Rhf8 31. Rd1 Bc5 32. Rac1 Bxd4 33.
Rxd4+ Ke6 34. Rxg4 Rad8 35. Rc2 Kxe5 36. Rg7 Rd3 37. Rxb7 Rf6 38. Rxa7 Rxb3 39.
Rd7 Kf5 40. Rd4 Re6 41. Rdc4 Rb6 42. b4 Kg6 43. Kf3 Kg7 44. Re2 Rd6 45. Ke3 Rd1
46. Rd2 Rb1 47. Rd7+ Kg6 48. Rd6+ Kg5 49. h4+ Kh5 50. Kf3 Rf1+ 51. Kg2 Rb1 52.
Rc5+ 1-0

[Event "Chigorin Memorial"]
[Site "St Petersburg"]
[Date "2016.10.23"]
[Round "9.37"]
[White "Iljiushenok, Ilia"]
[Black "Biriukov, Oleg V"]
[Result "1-0"]
[WhiteElo "2505"]
[BlackElo "2327"]
[PlyCount "81"]
[EventDate "2016.10.15"]
[EventType "swiss"]
[EventRounds "9"]
[EventCountry "RUS"]

1. e4 e5 2. Nf3 Nf6 3. Nc3 Nc6 4. d4 exd4 5. Nxd4 Bb4 6. Nxc6 bxc6 7. Bd3 d5 8.
exd5 cxd5 9. O-O O-O 10. h3 c6 11. Qf3 Bxc3 12. bxc3 Ne4 13. c4 Qf6 14. cxd5
cxd5 15. Qxf6 Nxf6 16. Rb1 a5 17. Ba3 Rd8 18. Rb6 Be6 19. Be7 Rdc8 20. Bxf6
gxf6 21. a3 Kg7 22. f4 d4 23. f5 Bc4 24. Rf4 Bxd3 25. cxd3 Rc3 26. Rg4+ Kf8 27.
Rxd4 Rxa3 28. Rxf6 Kg7 29. Rc6 Ra1+ 30. Kh2 a4 31. Rg4+ Kh8 32. Rh6 f6 33. Rgh4
Ra7 34. Rxf6 a3 35. Rhh6 Rd1 36. Ra6 Rxa6 37. Rxa6 Rxd3 38. g4 h5 39. g5 Rd5
40. Kg3 Rxf5 41. Kh4 1-0

[Event "Chigorin Memorial"]
[Site "St Petersburg"]
[Date "2016.10.23"]
[Round "9.38"]
[White "Martynov, Roman"]
[Black "Esipenko, Andrey"]
[Result "0-1"]
[WhiteElo "2307"]
[BlackElo "2490"]
[PlyCount "66"]
[EventDate "2016.10.15"]
[EventType "swiss"]
[EventRounds "9"]
[EventCountry "RUS"]

1. d4 Nf6 2. c4 e6 3. g3 c5 4. d5 exd5 5. cxd5 d6 6. Nc3 g6 7. Bg2 Bg7 8. Nf3
O-O 9. O-O Re8 10. Nd2 a6 11. a4 Nbd7 12. h3 Rb8 13. Nc4 Ne5 14. Na3 Nh5 15. e4
Bd7 16. a5 Qxa5 17. g4 Nf6 18. f4 Nexg4 19. hxg4 Nxg4 20. f5 Ne5 21. Bg5 Qb4
22. Rb1 b5 23. Ne2 Qa5 24. Nc2 b4 25. Qe1 Bb5 26. Ne3 Bd3 27. Rd1 c4 28. Kh1 c3
29. bxc3 b3 30. Qf2 b2 31. fxg6 fxg6 32. Nf4 Bxf1 33. Qxf1 Qb6 0-1

[Event "Chigorin Memorial"]
[Site "St Petersburg"]
[Date "2016.10.23"]
[Round "9.39"]
[White "Khakimov, Timur"]
[Black "Nasuta, Grzegorz"]
[Result "0-1"]
[WhiteElo "2281"]
[BlackElo "2454"]
[PlyCount "66"]
[EventDate "2016.10.15"]
[EventType "swiss"]
[EventRounds "9"]
[EventCountry "RUS"]

1. d4 Nf6 2. Nf3 g6 3. Bf4 Bg7 4. c3 O-O 5. Nbd2 d6 6. e4 c5 7. dxc5 dxc5 8.
Bc4 b6 9. Qe2 Nc6 10. Rd1 Nh5 11. Bg5 h6 12. Be3 Qc7 13. O-O Bb7 14. Rfe1 Rad8
15. Nh4 Kh7 16. Nf5 Nf4 17. Qg4 gxf5 18. Qxf4 Qxf4 19. Bxf4 Na5 20. Bb5 fxe4
21. Bc7 Rc8 22. Bg3 Rfd8 23. Bh4 Rc7 24. f3 exf3 25. Bxe7 Rd5 26. gxf3 Bc6 27.
Bxc6 Nxc6 28. Bh4 Rcd7 29. Re2 Ne5 30. Kf1 Nxf3 31. Be1 Nxe1 32. Kxe1 Bf6 33.
Rc1 Rxd2 0-1

[Event "Chigorin Memorial"]
[Site "St Petersburg"]
[Date "2016.10.23"]
[Round "9.40"]
[White "Tsydypov, Zhamsaran"]
[Black "Belous, Mikhail"]
[Result "1-0"]
[WhiteElo "2451"]
[BlackElo "2314"]
[PlyCount "135"]
[EventDate "2016.10.15"]
[EventType "swiss"]
[EventRounds "9"]
[EventCountry "RUS"]

1. e4 c5 2. Nf3 d6 3. Bb5+ Bd7 4. a4 Nc6 5. Nc3 Nf6 6. O-O e6 7. Re1 Be7 8. d3
O-O 9. Bxc6 Bxc6 10. e5 Nd7 11. exd6 Bxd6 12. Ne4 Be7 13. Bf4 Nf6 14. Ne5 Bxe4
15. dxe4 Qxd1 16. Raxd1 Rfd8 17. f3 Rd4 18. Ra1 Ne8 19. Be3 Rdd8 20. Nc4 Nd6
21. Na3 b6 22. Red1 f6 23. Rd3 Kf7 24. Rad1 g6 25. Bf2 e5 26. Nb1 Nc4 27. b3
Na5 28. Nc3 Rxd3 29. Rxd3 Rd8 30. Nd5 Nc6 31. Kf1 Nd4 32. Rd2 Rc8 33. Ke1 Ke6
34. Kd1 Bf8 35. Be3 Bg7 36. Kc1 Bf8 37. Kb2 Be7 38. f4 exf4 39. Bxf4 Rd8 40.
Bc7 Rc8 41. Bg3 Rd8 42. Rf2 Rf8 43. Kc3 f5 44. Nxe7 Kxe7 45. Kc4 Rf7 46. c3 Ne6
47. exf5 gxf5 48. Bb8 Kd8 49. g4 f4 50. Kd5 Nc7+ 51. Ke5 Rd7 52. Bxa7 Re7+ 53.
Kf5 Rf7+ 54. Ke4 Re7+ 55. Kf3 Re3+ 56. Kxf4 Nd5+ 57. Kg5 Kc7 58. Rf7+ Kc6 59.
c4 Nc7 60. Bb8 Na6 61. Bf4 Rxb3 62. Rxh7 Rc3 63. Kf5 Rxc4 64. g5 Nb4 65. Rc7+
Kd5 66. Rd7+ Kc6 67. Rd6+ Kb7 68. g6 1-0

[Event "Chigorin Memorial"]
[Site "St Petersburg"]
[Date "2016.10.23"]
[Round "9.41"]
[White "Srinath, Rao S.V"]
[Black "Enkhnar, Enkhbaatar"]
[Result "0-1"]
[WhiteElo "2279"]
[BlackElo "2451"]
[PlyCount "102"]
[EventDate "2016.10.15"]
[EventType "swiss"]
[EventRounds "9"]
[EventCountry "RUS"]

1. e4 c5 2. Nf3 e6 3. c3 d5 4. exd5 Qxd5 5. d4 Nc6 6. Na3 Qd8 7. Nc2 Nf6 8. Be2
Be7 9. O-O O-O 10. Bg5 Nd5 11. Bxe7 Qxe7 12. Re1 b6 13. c4 Nf4 14. d5 Na5 15.
Bf1 Qf6 16. g3 Ng6 17. b4 cxb4 18. Nxb4 Bb7 19. Nd4 Rad8 20. Bg2 Nxc4 21. Ndc6
Bxc6 22. Nxc6 Rd7 23. Qa4 exd5 24. Nb8 Re7 25. Nd7 Rxe1+ 26. Rxe1 Qc3 27. Rf1
Rd8 28. Bxd5 Nce5 29. Nxe5 Qxe5 30. Bg2 Qe7 31. Rc1 h6 32. h4 Ne5 33. Qe4 Qd6
34. Re1 Nd7 35. Qa4 Qc7 36. Rd1 Ne5 37. Rxd8+ Qxd8 38. Qxa7 Qd1+ 39. Bf1 Nf3+
40. Kg2 Qd5 41. Qb8+ Kh7 42. Qxb6 Nxh4+ 43. Kg1 Nf3+ 44. Kh1 Ne5+ 45. Bg2 Qd1+
46. Kh2 Ng4+ 47. Kh3 Nxf2+ 48. Kh2 Ng4+ 49. Kh3 f5 50. Qc5 Ne3 51. Kh2 Qd2 0-1

[Event "Chigorin Memorial"]
[Site "St Petersburg"]
[Date "2016.10.23"]
[Round "9.42"]
[White "Chu, Wei Chao"]
[Black "Venkatesh, M.R."]
[Result "0-1"]
[WhiteElo "2268"]
[BlackElo "2444"]
[PlyCount "112"]
[EventDate "2016.10.15"]
[EventType "swiss"]
[EventRounds "9"]
[EventCountry "RUS"]

1. d4 Nf6 2. c4 e6 3. Nf3 Bb4+ 4. Nbd2 O-O 5. a3 Be7 6. g3 b6 7. Bg2 Bb7 8. O-O
c5 9. Qc2 cxd4 10. Nxd4 Bxg2 11. Kxg2 Qc7 12. b4 Nc6 13. Bb2 Nxd4 14. Bxd4 d5
15. Rac1 e5 16. Be3 a5 17. Bg5 axb4 18. axb4 Rfc8 19. Bxf6 Bxf6 20. Qb3 dxc4
21. Nxc4 Qc6+ 22. Qf3 Qe6 23. Qe4 g6 24. Rfd1 Rab8 25. Ne3 Bg5 26. Rxc8+ Rxc8
27. Nd5 b5 28. h4 Be7 29. Qf3 h5 30. e4 Rc4 31. Ra1 Bxb4 32. Nf6+ Kg7 33. Ra8
Qxf6 34. Rg8+ Kxg8 35. Qxf6 Bc3 36. f4 exf4 37. Qxf4 b4 38. Kf3 Kg7 39. Qb8 Rc5
40. g4 hxg4+ 41. Kxg4 Be5 42. Qe8 b3 43. Qe7 Bd4 44. Qd6 Rc4 45. Qd5 Rb4 46. h5
gxh5+ 47. Qxh5 Rb6 48. Qd5 Bc3 49. Qc5 Rg6+ 50. Kf3 Bf6 51. Qb5 b2 52. e5 Bxe5
53. Ke4 Bf6 54. Qb6 Rg5 55. Kd3 Rg2 56. Ke4 Re2+ 0-1

[Event "Chigorin Memorial"]
[Site "St Petersburg"]
[Date "2016.10.23"]
[Round "9.43"]
[White "Lovkov, Roman"]
[Black "Nazaretyan, Tigran"]
[Result "1-0"]
[WhiteElo "2441"]
[BlackElo "2308"]
[PlyCount "119"]
[EventDate "2016.10.15"]
[EventType "swiss"]
[EventRounds "9"]
[EventCountry "RUS"]

1. d4 Nf6 2. c4 d6 3. Nf3 g6 4. g3 Bg7 5. Bg2 O-O 6. Nc3 Nc6 7. O-O a6 8. Qd3
Nb4 9. Qd2 Nc6 10. b3 Rb8 11. Bb2 b5 12. d5 Na5 13. cxb5 axb5 14. Nd4 b4 15.
Nd1 e6 16. a3 bxa3 17. Rxa3 e5 18. Qxa5 exd4 19. Bxd4 Bb7 20. Qd2 Ra8 21. Rxa8
Qxa8 22. Qb2 Ne8 23. Bxg7 Nxg7 24. Ne3 h5 25. Ra1 Qb8 26. Qc3 Bc8 27. Rc1 Ba6
28. Bf3 Ne8 29. Nc2 Qd8 30. Nd4 Qf6 31. b4 Qe5 32. b5 Bb7 33. Nb3 f5 34. Qc4 f4
35. Na5 fxg3 36. hxg3 Bc8 37. Nc6 Qf6 38. Qe4 Bg4 39. Bxg4 hxg4 40. Qe3 Kg7 41.
Nd4 Rf7 42. Ne6+ Kg8 43. Rc4 Qf5 44. Ng5 Rf8 45. Qe6+ Kg7 46. Qe7+ Rf7 47.
Qxf7+ Qxf7 48. Nxf7 Kxf7 49. Rxg4 Nf6 50. Rc4 Ne8 51. e4 Ke7 52. f4 Kd7 53. Kf2
Nf6 54. Kf3 Kd8 55. Rc1 Nd7 56. Rh1 Kc8 57. Rh6 g5 58. fxg5 Kb7 59. g6 Ne5+ 60.
Kf4 1-0

[Event "Chigorin Memorial"]
[Site "St Petersburg"]
[Date "2016.10.23"]
[Round "9.44"]
[White "Kozionov, Kirill"]
[Black "Salemgareev, Tagir"]
[Result "1/2-1/2"]
[WhiteElo "2439"]
[BlackElo "2305"]
[PlyCount "86"]
[EventDate "2016.10.15"]
[EventType "swiss"]
[EventRounds "9"]
[EventCountry "RUS"]

1. d4 Nf6 2. c4 c5 3. d5 b5 4. cxb5 a6 5. b6 d6 6. Nc3 Nbd7 7. a4 a5 8. e4 Nxb6
9. Nf3 g6 10. e5 dxe5 11. Nxe5 Bg7 12. Bb5+ Bd7 13. Nc6 Qc7 14. O-O Rc8 15. Ba6
Nbxd5 16. Bxc8 Bxc6 17. Nxd5 Nxd5 18. Bg4 O-O 19. Bf3 Rd8 20. Qc2 Bd4 21. Bd2
Rb8 22. Bc3 Nb4 23. Qe2 Bxf3 24. Qxf3 Kg7 25. Rac1 Qd7 26. Qe4 e5 27. Rfd1 Re8
28. Bxb4 axb4 29. b3 Qe6 30. Qc2 e4 31. Re1 f5 32. Qc4 Qd6 33. Re2 f4 34. Rce1
e3 35. fxe3 fxe3 36. Rf1 Qe6 37. Qd3 Re7 38. Rf4 Bc3 39. Rf1 Qxb3 40. Qd6 Rf7
41. Rxe3 Rxf1+ 42. Kxf1 Qb1+ 43. Kf2 Bd4 1/2-1/2

[Event "Chigorin Memorial"]
[Site "St Petersburg"]
[Date "2016.10.23"]
[Round "9.45"]
[White "Korchmar, Vasiliy"]
[Black "Dimitrova, Aleksandra"]
[Result "0-1"]
[WhiteElo "2412"]
[BlackElo "2269"]
[PlyCount "86"]
[EventDate "2016.10.15"]
[EventType "swiss"]
[EventRounds "9"]
[EventCountry "RUS"]

1. d4 Nf6 2. Nf3 e6 3. Bf4 b6 4. e3 Bb7 5. Nbd2 Be7 6. h3 O-O 7. Bd3 c5 8. O-O
d6 9. Bh2 Qc8 10. a4 Rd8 11. c3 Bc6 12. e4 cxd4 13. cxd4 Qb7 14. Qe2 a5 15.
Rfc1 Be8 16. e5 dxe5 17. dxe5 Nd5 18. Ne4 Nd7 19. Nd6 Bxd6 20. exd6 Nc5 21. Bb1
f6 22. Nd4 e5 23. Nf5 g6 24. Nh6+ Kg7 25. Ng4 h5 26. Nxe5 fxe5 27. Bxe5+ Kg8
28. Ba2 Bf7 29. Qd2 Kh7 30. Qg5 Ne4 31. Qh4 Nxd6 32. Rd1 Nf5 33. Qe4 Rd7 34. g4
Ng7 35. gxh5 Nxh5 36. Qg4 Rad8 37. Bb3 Ndf6 38. Rxd7 Rxd7 39. Qh4 Bxb3 40. Bxf6
Qf3 41. Bc3 Bd5 42. Kf1 Qh1+ 43. Ke2 Qxa1 0-1

[Event "Chigorin Memorial"]
[Site "St Petersburg"]
[Date "2016.10.23"]
[Round "9.46"]
[White "Smirnov, Artem"]
[Black "Ovchinnikov, Vsevolod"]
[Result "1-0"]
[WhiteElo "2409"]
[BlackElo "2263"]
[PlyCount "99"]
[EventDate "2016.10.15"]
[EventType "swiss"]
[EventRounds "9"]
[EventCountry "RUS"]

1. d4 Nf6 2. Nf3 g6 3. Bf4 Bg7 4. e3 O-O 5. Be2 d6 6. h3 Nfd7 7. Nc3 e5 8. Bh2
Nc6 9. O-O a6 10. a4 f5 11. dxe5 Ndxe5 12. Nd4 Nb4 13. a5 Bd7 14. Qd2 Kh8 15.
Rfe1 c5 16. Nb3 Bc6 17. Bg3 Qe7 18. Na4 Be4 19. Rac1 Rad8 20. Nb6 Qe6 21. Red1
Bf6 22. Bxe5 dxe5 23. Nxc5 Rxd2 24. Nxe6 Rxd1+ 25. Rxd1 Re8 26. Nc7 Rd8 27. c3
Rxd1+ 28. Bxd1 Nd3 29. b4 Bd8 30. Ncd5 Kg7 31. Be2 Nb2 32. f3 Bxd5 33. Nxd5 Kf7
34. Kf2 Ke6 35. e4 Bg5 36. Ke1 Kd6 37. g3 Bc1 38. h4 f4 39. g4 h6 40. g5 hxg5
41. hxg5 Ke6 42. Bd1 Nc4 43. Ke2 Ne3 44. Bb3 Kd6 45. Nb6 Ke7 46. Bd5 Nxd5 47.
Nxd5+ Kd6 48. Kd1 Be3 49. Nxe3 fxe3 50. Ke2 1-0

[Event "Chigorin Memorial"]
[Site "St Petersburg"]
[Date "2016.10.23"]
[Round "9.47"]
[White "Drygalov, Sergey"]
[Black "Rakhmangulova, Anastasiya"]
[Result "1/2-1/2"]
[WhiteElo "2409"]
[BlackElo "2251"]
[PlyCount "136"]
[EventDate "2016.10.15"]
[EventType "swiss"]
[EventRounds "9"]
[EventCountry "RUS"]

1. Nf3 g6 2. g3 Bg7 3. Bg2 c5 4. c4 Nc6 5. O-O Nh6 6. Nc3 d6 7. d3 Nf5 8. Bd2
O-O 9. Rb1 Bd7 10. a3 a5 11. Nb5 a4 12. e3 Ra6 13. Bc3 Na7 14. e4 Nh6 15. Bxg7
Kxg7 16. Nxa7 Rxa7 17. d4 Qa5 18. e5 cxd4 19. Qxd4 Nf5 20. Qf4 f6 21. exf6+
Rxf6 22. Rfe1 e5 23. Qd2 Bc6 24. Rbd1 Bxf3 25. Bxf3 Nd4 26. Bg2 Qxd2 27. Rxd2
g5 28. c5 Ra5 29. cxd6 Rxd6 30. Kf1 b6 31. Rc1 Rc5 32. Rxc5 bxc5 33. Bf3 Rh6
34. Bd1 Rxh2 35. Bxa4 Rh1+ 36. Kg2 Rb1 37. Bd1 Kf6 38. Bg4 Kg6 39. Bd1 Kf6 40.
Bg4 Kg6 41. Bd7 e4 42. Bg4 h5 43. Bd1 g4 44. b4 Kf5 45. bxc5 Ke5 46. Ba4 Rc1
47. Rd1 Rxc5 48. Be8 e3 49. Re1 e2 50. Bxh5 Kf5 51. f3 gxf3+ 52. Bxf3 Nxf3 53.
Kxf3 Rc3+ 54. Kf2 Rxa3 55. Rxe2 Kg4 56. Re4+ Kg5 57. Kg2 Rb3 58. Kh3 Ra3 59.
Rg4+ Kh5 60. Rb4 Ra5 61. Kg2 Ra3 62. Re4 Kg5 63. Kf2 Ra2+ 64. Kf3 Ra3+ 65. Kg2
Ra2+ 66. Kh3 Ra5 67. Rg4+ Kh5 68. Rg8 Ra3 1/2-1/2